Sudoku Facile en 8x8 - Statistiques

Statistiques générales
  • Ce quiz a été pris 367 fois
  • Le résultat moyen est 26 sur 32
Statistiques - réponses
Hint Réponse % Correct
2 x x x x x x 5
94%
4 4
92%
3 7
92%
6 6
90%
17 7
90%
12 8
88%
13 4
86%
15 5
86%
33 6
86%
49 8
85%
20 6
84%
26 3
83%
59 2
82%
27 8
82%
24 1
81%
44 1
81%
21 3
81%
22 2
80%
53 2
80%
60 5
80%
34 8
80%
43 3
78%
55 4
78%
38 1
77%
63 1
77%
39 2
77%
48 4
77%
54 5
77%
46 8
77%
40 3
76%
62 3
76%
64 7
76%
Aucun quiz correspondant
Distribution des résultats
% des personnes avec chaque résultat
Percentile par nombre de réponses
Votre historique - résultats
Vous n’avez pas pris ce quiz